LEADER 01531nas 2200505-a 450 001 996206369703316 005 20240105213018.0 011 $a1879-6303 035 $a(DE-599)ZDB2646418-4 035 $a(OCoLC)60616783 035 $a(CKB)110978978376205 035 $a(CONSER)--2013221136 035 $a(EXLCZ)99110978978376205 100 $a20050614a19809999 --- - 101 0 $aeng 135 $aurun||||||||| 181 $ctxt$2rdacontent 182 $cc$2rdamedia 183 $acr$2rdacarrier 200 10$aStudies in Slavic and general linguistics 210 $aAmsterdam $cRodopi$d1980- 300 $aRefereed/Peer-reviewed 300 $aPublished as an annual journal, 1980; published as a monographic series, 1981- 311 $a0169-0124 517 1 $aSSGL 531 $aSTUDIES IN SLAVIC & GENERAL LINGUISTICS 606 $aSlavic languages$vPeriodicals 606 $aSlavic languages 606 $aLinguistics$vPeriodicals 606 $aLinguistics 606 $aLinguistics$2fast$3(OCoLC)fst00999202 606 $aSlavic languages$2fast$3(OCoLC)fst01120608 608 $aPeriodicals.$2fast 610 $aSlavonic languages$aLinguistics$aSerials 615 0$aSlavic languages 615 0$aSlavic languages. 615 0$aLinguistics 615 0$aLinguistics. 615 7$aLinguistics. 615 7$aSlavic languages. 676 $a491.8/05 906 $aJOURNAL 912 $a996206369703316 996 $aStudies in Slavic and general linguistics$92350881 997 $aUNISA LEADER 03565oam 2200637I 450 001 9910966618903321 005 20251117065421.0 010 $a1-136-82390-5 010 $a1-283-10439-3 010 $a9786613104397 010 $a1-136-82391-3 010 $a0-203-83066-0 024 7 $a10.4324/9780203830666 035 $a(CKB)2670000000081949 035 $a(EBL)668752 035 $a(OCoLC)714363472 035 $a(SSID)ssj0000468586 035 $a(PQKBManifestationID)12156608 035 $a(PQKBTitleCode)TC0000468586 035 $a(PQKBWorkID)10507237 035 $a(PQKB)10574819 035 $a(MiAaPQ)EBC668752 035 $a(Au-PeEL)EBL668752 035 $a(CaPaEBR)ebr10462465 035 $a(CaONFJC)MIL310439 035 $a(EXLCZ)992670000000081949 100 $a20180706d2011 uy 0 101 0 $aeng 135 $aur|n|---||||| 181 $ctxt 182 $cc 183 $acr 200 04$aThe dynamics of Asian labour markets $ebalancing control and flexibility /$fedited by John Benson and Ying Zhu 205 $a1st ed. 210 1$aLondon ;$aNew York :$cRoutledge,$d2011. 215 $a1 online resource (273 p.) 225 1 $aRoutledge studies in the growth economies of Asia ;$v102 300 $aDescription based upon print version of record. 311 08$a0-415-72611-5 311 08$a0-415-55111-0 320 $aIncludes bibliographical references and index. 327 $a1. Labour markets in Asia : globalization and transition / John Benson and Ying Zhu -- 2. Labour markets in theory and practice : perspectives from Western industrial countries / Howard Gospel -- 3. Labour markets in Japan : change and continuity / John Benson -- 4. Labour markets in South Korea : transitions towards flexibilities? / Chris Rowley, Kil-Sang Yoo, and Dong-Heon Kim -- 5. Labour markets in Singapore : flexibility in adversity / Chris Leggett -- 6. Labour markets in Hong Kong : changes and advances after the 1997 reunification with China / Sek Hong Ng and Olivia Ip -- 7. Labour markets in China : coming to terms with globalization / Malcolm Warner -- 8. Labour markets in Vietnam : developments under the economic reform and globalization / Ying Zhu -- 9. Labour markets in India : informality and inequality / Debashish Bhattacherjee and Errol D'Souza -- 10. Labour markets in Malaysia : evolution to a knowledge-based economy? / Nagiah Ramasamy and Chris Rowley -- 11. Labour markets in Asia : a comparative analysis / Ying Zhu and John Benson. 330 $aAsia has undergone rapid economic transformation over the past two decades. Despite its constant economic growth, the 1997-98 Asian financial crisis and the resulting surge in unemployment highlighted the vulnerability of national systems that base development solely on economic growth. This book fills a major research gap by exploring the nature, dynamics and functioning of Asian labour markets in eight major Asian economies, including Japan, South Korea, Hong Kong, Singapore, China, Vietnam, India and Malaysia. It examines the type of labour markets that exist in Asia; how they hav 410 0$aRoutledge studies in the growth economies of Asia ;$v102. 606 $aLabor market$zAsia 615 0$aLabor market 676 $a331.1095 701 $aBenson$b John$f1948-$0252668 701 $aZhu$b Ying$cPh. D.$0923791 801 0$bMiAaPQ 801 1$bMiAaPQ 801 2$bMiAaPQ 906 $aBOOK 912 $a9910966618903321 996 $aThe dynamics of Asian labour markets$94493376 997 $aUNINA